| 000 | 00845nam a22002411u 4500 | ||
|---|---|---|---|
| 001 | 05853 | ||
| 003 | HDC | ||
| 007 | cr bn ---aaaaa | ||
| 008 | 210121p2009 | d 00 engg | ||
| 040 | _aHDC | ||
| 245 | 0 | _aGain Report: France Food and Agricultural Import Regulations and Standards - Narrative | |
| 260 |
_a[no place] : _b[publisher not identified], _c2009 |
||
| 300 | _a 1 online resource (21 pages) | ||
| 336 |
_atext _2rdacontent |
||
| 337 |
_acomputer _2rdamedia |
||
| 338 |
_aonline resource _2rdacarrier |
||
| 650 |
_aFood and Agricultural _95549 |
||
| 650 |
_aImport Regulations _96150 |
||
| 856 | _zRequest full-text at [email protected] | ||
| 942 | _2lcc | ||
| 942 | _cEIS | ||
| 942 | _kREPT 000203 | ||
| 999 |
_c3177 _d3177 |
||